Obchodovanie s finančným majetkom

Nadobudnutie účinnosti nového zákona č.366/1999 Z.z. o daniach z príjmov od 1. januára 2000. Zdaňovanie príjmov z činnosti finančného majetku. Príjmy z cenných papierov, ktoré nie sú predmetom dane. Oslobodené príjmy od dane. Príjmy, ktoré sa nezahŕňajú do základu dane. Daňové výdavky. Príjmy zdaňov...

Descrizione completa

Salvato in:
Dettagli Bibliografici
Autore principale: Michňová, Angela
Natura: Capitolo di libro
Lingua:slovacco
Soggetti:
Tags: Aggiungi Tag
Nessun Tag, puoi essere il primo ad aggiungerne!!

MARC

LEADER 00000naa a2200000 4500
001 r038022
005 20231003083534.6
041 0 |a slo 
044 |a SK 
245 1 0 |a Obchodovanie s finančným majetkom  |c Angela Michňová 
520 |a Nadobudnutie účinnosti nového zákona č.366/1999 Z.z. o daniach z príjmov od 1. januára 2000. Zdaňovanie príjmov z činnosti finančného majetku. Príjmy z cenných papierov, ktoré nie sú predmetom dane. Oslobodené príjmy od dane. Príjmy, ktoré sa nezahŕňajú do základu dane. Daňové výdavky. Príjmy zdaňované osobitnou sadzbou dane. Príklady. 
610 2 0 |a dane z príjmov 
610 2 0 |a základ dane 
610 2 0 |a majetok finančný 
610 2 0 |a papiere cenné 
610 2 0 |a príjmy 
610 2 0 |a zdaňovanie 
610 2 0 |a úľavy daňové 
610 2 0 |a oslobodenie od daní 
610 2 0 |a úpravy právne 
100 1 |a Michňová, Angela